[Event "Liga CS Istok 2017"]
[Site "Zaječar, Hotel "]
[Date "2017.10.14"]
[Round "9.1"]
[White "Blagojevic, Rade"]
[Black "Radovanovic, Danko"]
[Result "1/2-1/2"]
[WhiteElo "1911"]
[BlackElo "1826"]
[PlyCount "24"]
[EventDate "2017.09.03"]

1. e4 e5 2. Nf3 Nf6 3. Nc3 Nc6 4. d4 exd4 5. Nxd4 d6 6. Nxc6 bxc6 7. f3 Be7 8.
Be3 O-O 9. Bd3 Bd7 10. O-O c5 11. Qe1 Rb8 12. Rb1 Re8 1/2-1/2

[Event "Liga CS Istok 2017"]
[Site "Zaječar, Hotel "]
[Date "2017.10.14"]
[Round "9.1"]
[White "Licic, Nenad*"]
[Black "Tasic, Sofija**"]
[Result "1/2-1/2"]
[WhiteElo "1723"]
[BlackElo "1427"]
[PlyCount "20"]
[EventDate "2017.09.03"]

1. c4 Nf6 2. Nc3 g6 3. g3 Bg7 4. Bg2 O-O 5. e3 d6 6. Nge2 Nbd7 7. O-O c5 8. b3
Rb8 9. Bb2 a6 10. d3 b5 1/2-1/2

[Event "Liga CS Istok 2017"]
[Site "Zaječar, Hotel "]
[Date "2017.10.14"]
[Round "9.2"]
[White "Milunovic, Toni"]
[Black "Celenkovic, Bojan"]
[Result "1-0"]
[WhiteElo "2269"]
[BlackElo "2052"]
[PlyCount "62"]
[EventDate "2017.09.03"]

1. Nf3 d5 2. g3 Nf6 3. Bg2 e6 4. O-O Be7 5. d3 c5 6. c4 Nc6 7. Nc3 d4 8. Na4
O-O 9. a3 e5 10. Bd2 Nd7 11. e3 f5 12. exd4 cxd4 13. Re1 a5 14. Qc2 h6 15. c5
g5 16. h3 g4 17. hxg4 fxg4 18. Nh2 h5 19. b4 axb4 20. axb4 Bg5 21. b5 Na5 22.
c6 Bxd2 23. Qxd2 Nf6 24. Qg5+ Kh8 25. Rxe5 Rf7 26. Rc1 Qg8 27. Qh6+ Nh7 28. Re8
Rf8 29. Rxf8 Qxf8 30. Qxf8+ Nxf8 31. Nb6 Rb8 1-0

[Event "Liga CS Istok 2017"]
[Site "Zaječar, Hotel "]
[Date "2017.10.14"]
[Round "9.2"]
[White "Radakovic, Stevan"]
[Black "Lazic, Milan Z"]
[Result "1/2-1/2"]
[WhiteElo "2025"]
[BlackElo "2050"]
[PlyCount "115"]
[EventDate "2017.09.03"]

1. e4 c6 2. d4 d6 3. Bd3 e5 4. Ne2 Nf6 5. O-O Qc7 6. Nbc3 Bg4 7. h3 Bh5 8. Be3
Nbd7 9. Qd2 Bg6 10. f4 c5 11. dxe5 dxe5 12. f5 c4 13. fxg6 hxg6 14. Nb5 Qc6 15.
Nbd4 exd4 16. Nxd4 Qc8 17. Be2 Nxe4 18. Qe1 f5 19. Bf3 Ndf6 20. c3 Bd6 21. Bg5
O-O 22. Bh4 Re8 23. Bxf6 gxf6 24. Bxe4 Rxe4 25. Qd2 Qf8 26. Kh1 Rae8 27. Rfe1
Rxe1+ 28. Rxe1 Rxe1+ 29. Qxe1 Qe7 30. Qf1 Qf7 31. Qe2 Be5 32. Nf3 Qd5 33. Qd2
Qxd2 34. Nxd2 b5 35. Kg1 Kf7 36. Kf2 g5 37. Nb1 Ke6 38. b3 Kd5 39. Kf3 f4 40.
Ke2 f5 41. Kf2 a6 42. Ke2 Bf6 43. Kf3 Be5 44. Ke2 g4 45. h4 cxb3 46. axb3 a5
47. Na3 Bxc3 48. Nxb5 Bf6 49. h5 Be5 50. Na3 Ke4 51. Nc4 Bc3 52. h6 f3+ 53.
gxf3+ gxf3+ 54. Kf1 Kd3 55. h7 a4 56. bxa4 Kxc4 57. Kf2 Kb4 58. Kxf3 1/2-1/2

[Event "Liga CS Istok 2017"]
[Site "Zaječar, Hotel "]
[Date "2017.10.14"]
[Round "9.2"]
[White "Simic, Petar S**"]
[Black "Damjanovic, Nebojsa"]
[Result "1-0"]
[WhiteElo "2000"]
[BlackElo "1955"]
[PlyCount "75"]
[EventDate "2017.09.03"]

1. d4 d5 2. c4 c6 3. Nc3 Nf6 4. Nf3 h6 5. e3 Bf5 6. Bd3 Bxd3 7. Qxd3 e6 8. O-O
Bd6 9. Re1 Nbd7 10. b3 O-O 11. Bb2 Rc8 12. h3 Re8 13. e4 dxe4 14. Nxe4 Nxe4 15.
Qxe4 Nf6 16. Qe2 a6 17. Ne5 Nh7 18. Rad1 Bb4 19. Rf1 Qa5 20. a3 Bd6 21. b4 Qc7
22. Qc2 Bxe5 23. dxe5 c5 24. Rc1 Red8 25. Rfd1 Nf8 26. Qc3 Ng6 27. Rd6 Ne7 28.
Rcd1 b6 29. Qd3 Re8 30. Rd7 Qc6 31. Rd6 Qb7 32. Rd7 Qc6 33. Qd6 Qa4 34. Rd2 Rc6
35. Qd3 cxb4 36. Rxe7 Rec8 37. Qd7 R8c7 38. Qe8+ 1-0

[Event "Liga CS Istok 2017"]
[Site "Zaječar, Hotel "]
[Date "2017.10.14"]
[Round "9.2"]
[White "Agai, Dzabir"]
[Black "Popovic, Marko"]
[Result "0-1"]
[WhiteElo "1831"]
[BlackElo "1631"]
[PlyCount "90"]
[EventDate "2017.09.03"]

1. d4 d5 2. Nf3 Nf6 3. c4 c6 4. Qc2 g6 5. g3 Bg7 6. Bg2 O-O 7. Nbd2 Bf5 8. Qb3
Qb6 9. Qa3 Qc7 10. Nh4 Bg4 11. Qc3 Na6 12. h3 Be6 13. c5 Qd7 14. Nhf3 h6 15.
Ne5 Qc8 16. a3 Nc7 17. a4 a5 18. Nb3 Ne4 19. Bxe4 dxe4 20. Nc4 Nd5 21. Qc2 Nb4
22. Qc3 Bxc4 23. Qxc4 Qd8 24. Bd2 Nd5 25. e3 Qc7 26. Rc1 f5 27. Bc3 Kh7 28. Nd2
Nxe3 29. fxe3 Qxg3+ 30. Kd1 Qxe3 31. Qe2 Bxd4 32. Bxd4 Qxd4 33. Qc4 Rad8 34.
Qxd4 Rxd4 35. Ke2 Rfd8 36. Rhd1 Rxa4 37. Ra1 Rb4 38. b3 Rd3 39. Rh1 f4 40. Rhf1
g5 41. Rxa5 Re3+ 42. Kd1 Rd4 43. Ra4 Rd5 44. Kc2 Re2 45. Rxe4 Rdxd2+ 0-1

[Event "Liga CS Istok 2017"]
[Site "Zaječar, Hotel "]
[Date "2017.10.14"]
[Round "9.3"]
[White "Tosic, Branislav"]
[Black "Rajkovic, Ljubisa"]
[Result "1/2-1/2"]
[WhiteElo "2208"]
[BlackElo "2092"]
[PlyCount "35"]
[EventDate "2017.09.03"]

1. d4 Nf6 2. Nf3 e6 3. Bg5 c5 4. c3 Qb6 5. Qb3 Nc6 6. e3 d5 7. Nbd2 c4 8. Qxb6
axb6 9. a3 b5 10. Rc1 Bd6 11. Bf4 Be7 12. h3 O-O 13. Be2 Bd7 14. Bd1 Rfc8 15.
Ne5 Be8 16. Bc2 Nd7 17. Nxd7 Bxd7 18. Nf3 1/2-1/2

[Event "Liga CS Istok 2017"]
[Site "Zaječar, Hotel "]
[Date "2017.10.14"]
[Round "9.3"]
[White "Stojanovic, Goran"]
[Black "Trailovic, Mile"]
[Result "0-1"]
[WhiteElo "2044"]
[BlackElo "2094"]
[PlyCount "118"]
[EventDate "2017.09.03"]

1. e4 e6 2. d4 d6 3. g3 Nf6 4. Bg2 c6 5. Be3 Be7 6. h3 b6 7. Ne2 Bb7 8. O-O Qc7
9. c4 Nbd7 10. Nbc3 a6 11. Rc1 Rc8 12. b4 Qb8 13. Qb3 Qa8 14. a3 O-O 15. f4 c5
16. d5 Rfe8 17. Bf2 Bf8 18. Rfe1 Rc7 19. Nb1 exd5 20. exd5 Rb8 21. Qd3 Rbc8 22.
Nd2 b5 23. cxb5 axb5 24. Qxb5 Bxd5 25. Bxd5 Qxd5 26. Red1 Qe6 27. Kh2 Ra7 28.
Qd3 Rca8 29. Nb1 Rb7 30. Qf3 Rab8 31. bxc5 dxc5 32. Nbc3 Rb3 33. a4 Nb6 34. f5
Qc8 35. Qf4 Rb4 36. Qf3 Nxa4 37. Nxa4 Rxa4 38. g4 Ne4 39. Nc3 Nxf2 40. Nxa4
Nxd1 41. Rxd1 Rb4 42. Nc3 Rb3 43. Rc1 Bd6+ 44. Kh1 Be5 45. g5 Rxc3 46. Rxc3
Bxc3 47. Qxc3 Qxf5 48. Qe3 Qc8 49. h4 c4 50. Qc3 Qg4 51. Qe1 Qe6 52. Qg3 h5 53.
gxh6 Qxh6 54. Qb8+ Kh7 55. Qd8 Qc1+ 56. Kg2 Qc2+ 57. Kg1 Qd3 58. Qc7 f6 59. Qa5
Qg3+ 0-1

[Event "Liga CS Istok 2017"]
[Site "Zaječar, Hotel "]
[Date "2017.10.14"]
[Round "9.3"]
[White "Vlajic, Sasa"]
[Black "Milunovic, Sasa"]
[Result "1-0"]
[WhiteElo "2147"]
[BlackElo "1922"]
[PlyCount "58"]
[EventDate "2017.09.03"]

1. Nf3 d5 2. g3 Nf6 3. Bg2 e6 4. O-O c5 5. c4 Nc6 6. cxd5 exd5 7. d4 c4 8. Nc3
Bb4 9. Bg5 Bxc3 10. bxc3 O-O 11. Ne5 h6 12. Bxf6 Qxf6 13. f4 Qd6 14. e4 Ne7 15.
exd5 b5 16. Nc6 Bb7 17. Qf3 Bxc6 18. dxc6 Rfc8 19. d5 a5 20. a3 b4 21. axb4
axb4 22. Rxa8 Rxa8 23. cxb4 Qxb4 24. Rd1 c3 25. Qd3 Ra2 26. Rb1 c2 27. Rxb4
c1=Q+ 28. Bf1 Qc5+ 29. Qd4 Qc2 1-0

[Event "Liga CS Istok 2017"]
[Site "Zaječar, Hotel "]
[Date "2017.10.14"]
[Round "9.3"]
[White "Bulutic, Sasa"]
[Black "Mitrovic, Darko A"]
[Result "0-1"]
[WhiteElo "1970"]
[BlackElo "2076"]
[PlyCount "84"]
[EventDate "2017.09.03"]

1. e4 c5 2. Nf3 e6 3. d4 cxd4 4. Nxd4 a6 5. a3 Nf6 6. Nc3 Qc7 7. Be3 b5 8. Bd3
Bb7 9. f3 Bc5 10. Nce2 O-O 11. c3 d5 12. exd5 Nxd5 13. Bd2 Nd7 14. Qc2 N7f6 15.
O-O-O Nb6 16. Bg5 Nbd7 17. Nb3 Bb6 18. Kb1 h6 19. Bh4 Nd5 20. Bg3 Qd8 21. Bf4
Be3 22. Bg3 Qb6 23. Be4 a5 24. Nbc1 Rfc8 25. Rd3 Bc5 26. Nf4 N7f6 27. Nxd5 Bxd5
28. Re1 b4 29. a4 Nxe4 30. fxe4 Bc4 31. Rf3 bxc3 32. Rxc3 Bd4 33. Na2 Bxa2+ 34.
Kxa2 Bxc3 35. bxc3 Qc6 36. Rc1 Qc4+ 37. Ka3 Ra7 38. Bf2 Rb7 39. Rb1 Rxb1 40.
Qxb1 Qxc3+ 41. Ka2 Rc4 42. Qb3 Qd2+ 0-1

[Event "Liga CS Istok 2017"]
[Site "Zaječar, Hotel "]
[Date "2017.10.14"]
[Round "9.3"]
[White "Radulovic, Sasa"]
[Black "Zivanovic, Milos"]
[Result "1/2-1/2"]
[WhiteElo "1900"]
[BlackElo "1738"]
[PlyCount "93"]
[EventDate "2017.09.03"]

1. d4 d5 2. c4 e6 3. Nc3 Bb4 4. Bf4 Nf6 5. e3 Ne4 6. Qb3 Bxc3+ 7. bxc3 dxc4 8.
Bxc4 O-O 9. Nf3 a6 10. Rd1 c6 11. O-O Qa5 12. Qb4 Qxb4 13. cxb4 b5 14. Bd3 Nf6
15. Rc1 Bb7 16. Ne5 Rc8 17. a3 Nbd7 18. Nxd7 Nxd7 19. Be4 Nf6 20. Bf3 a5 21.
Bd6 axb4 22. axb4 Nd5 23. Ra1 Rxa1 24. Rxa1 Ra8 25. Rxa8+ Bxa8 26. g4 f6 27.
Kf1 Kf7 28. Ke2 g6 29. Kd3 Nb6 30. Bd1 Bb7 31. Bb3 Bc8 32. e4 Ba6 33. d5 exd5
34. exd5 cxd5 35. Kd4 Ke6 36. Bc7 Nc4 37. f4 Kd7 38. Ba5 Nxa5 39. bxa5 Kd6 40.
Bxd5 Bc8 41. h3 h6 42. Bf7 g5 43. Be8 Ba6 44. f5 b4 45. Ba4 Bf1 46. Bd1 Kc6 47.
Ba4+ 1/2-1/2

[Event "Liga CS Istok 2017"]
[Site "Zaječar, Hotel "]
[Date "2017.10.14"]
[Round "9.3"]
[White "Rajic, Stefan*"]
[Black "Nikolic, Nikola*"]
[Result "1/2-1/2"]
[WhiteElo "1800"]
[BlackElo "1840"]
[PlyCount "139"]
[EventDate "2017.09.03"]

1. e4 e5 2. Nf3 Nc6 3. Bb5 a6 4. Ba4 Nf6 5. O-O b5 6. Bb3 Bc5 7. d3 h6 8. Re1
O-O 9. Nbd2 d6 10. h3 Ne7 11. Nf1 Ng6 12. c3 Bb6 13. d4 Bb7 14. Ng3 Re8 15. Qc2
Nf4 16. Be3 g6 17. dxe5 dxe5 18. Rad1 Qe7 19. Bxb6 cxb6 20. Rd2 Rad8 21. Red1
Rxd2 22. Rxd2 a5 23. a3 Qc5 24. Ba2 a4 25. Bb1 Kg7 26. Qd1 Qc4 27. Qe1 Bc6 28.
Rd6 Nd7 29. Qd1 Nf6 30. Nd2 Qc5 31. Ndf1 h5 32. Ne3 Re6 33. Rxe6 Nxe6 34. h4
Nf4 35. Kf1 Ne8 36. Ne2 Nd6 37. Nxf4 exf4 38. Nd5 Nc4 39. Nxf4 Nxb2 40. Qd4+
Qxd4 41. cxd4 Nc4 42. Bd3 Bxe4 43. Bxe4 Nd2+ 44. Ke2 Nxe4 45. Nd5 Nd6 46. Nxb6
Kf6 47. Kd3 Ke6 48. g3 f5 49. f3 Nb7 50. Kc3 Kd6 51. Nc8+ Kd7 52. Na7 Nd6 53.
Kb4 Nc4 54. Nxb5 Nd2 55. Kxa4 Nxf3 56. Kb4 g5 57. hxg5 Nxg5 58. a4 f4 59. gxf4
Ne4 60. a5 h4 61. a6 Kc6 62. d5+ Kb6 63. d6 Nf6 64. Nc3 h3 65. Ne2 h2 66. Ng3
Nd5+ 67. Kc4 Nxf4 68. Nh1 Kxa6 69. Kd4 Kb6 70. Ke5 1/2-1/2

[Event "Liga CS Istok 2017"]
[Site "Zaječar, Hotel "]
[Date "2017.10.14"]
[Round "9.4"]
[White "Zlatanovic, Zoran"]
[Black "Milenkovic, Mladen"]
[Result "0-1"]
[WhiteElo "2071"]
[BlackElo "2335"]
[PlyCount "98"]
[EventDate "2017.09.03"]

1. e4 c5 2. Nf3 Nc6 3. d3 g6 4. g3 Bg7 5. Bg2 d6 6. O-O Nf6 7. Re1 O-O 8. c3 e5
9. a3 b6 10. b4 Bb7 11. b5 Ne7 12. c4 Nd7 13. Nc3 h6 14. Bd2 Rb8 15. a4 f5 16.
a5 f4 17. axb6 axb6 18. Bh3 Bc8 19. Nd5 Nxd5 20. Be6+ Kh7 21. cxd5 fxg3 22.
fxg3 Nf6 23. Ra7 Rb7 24. Ra8 Qc7 25. Bxc8 Rxc8 26. Ra4 Qd7 27. Qb1 Qh3 28. Re2
Rf8 29. Qf1 Qxf1+ 30. Kxf1 Nxd5 31. Kg2 Nc7 32. Be1 Nxb5 33. Rb2 Nd4 34. Nxd4
exd4 35. Ra6 Rfb8 36. Rb5 Be5 37. Bd2 h5 38. Bg5 Kg7 39. h4 Kf7 40. Bf4 Ke6 41.
Bxe5 Kxe5 42. Ra2 d5 43. Re2 dxe4 44. Rxe4+ Kd6 45. Rf4 Re8 46. Rb2 Re6 47. g4
hxg4 48. Rxg4 b5 49. Rg5 b4 0-1

[Event "Liga CS Istok 2017"]
[Site "Zaječar, Hotel "]
[Date "2017.10.14"]
[Round "9.4"]
[White "Zivkovic, Momcilo"]
[Black "Kalcic, Krsta"]
[Result "1-0"]
[WhiteElo "2047"]
[BlackElo "2136"]
[PlyCount "81"]
[EventDate "2017.09.03"]

1. e4 c5 2. c3 Nf6 3. e5 Nd5 4. d4 cxd4 5. cxd4 Qc7 6. Nf3 e6 7. Bd2 b6 8. Nc3
Nxc3 9. bxc3 d6 10. Bb5+ Nd7 11. O-O a6 12. exd6 Bxd6 13. Bd3 Bb7 14. h3 h6 15.
Qe2 O-O 16. Be4 Bxe4 17. Qxe4 Rfc8 18. Rfe1 Nf6 19. Qc2 b5 20. Rec1 Qc4 21. Qd1
Ne4 22. a4 Qd3 23. axb5 axb5 24. Rxa8 Rxa8 25. Be1 Qc4 26. Qc2 f5 27. Nd2 Nxd2
28. Qxd2 Ra2 29. Qd1 Bf4 30. Rb1 Bd6 31. Qb3 Qxb3 32. Rxb3 b4 33. cxb4 Ra1 34.
Kf1 Rd1 35. b5 Rxd4 36. b6 Bb8 37. Rc3 Rd8 38. b7 Kf7 39. Rc8 Ke7 40. Ba5 Re8
41. Bc7 1-0

[Event "Liga CS Istok 2017"]
[Site "Zaječar, Hotel "]
[Date "2017.10.14"]
[Round "9.4"]
[White "Rajkovic, Branislav"]
[Black "Desic, Zoran"]
[Result "1-0"]
[WhiteElo "2083"]
[BlackElo "2001"]
[PlyCount "77"]
[EventDate "2017.09.03"]

1. e4 c5 2. Nf3 g6 3. d4 cxd4 4. Nxd4 Bg7 5. c4 Nf6 6. Nc3 O-O 7. Be2 Nc6 8.
Be3 a6 9. O-O d6 10. h3 Bd7 11. Qd2 Rb8 12. a4 Qc8 13. a5 Ne5 14. Nd5 Re8 15.
f3 Be6 16. Rfc1 Nc6 17. Nb6 Qd8 18. b4 Nd7 19. Nd5 Rc8 20. Rab1 Nde5 21. Nxe6
fxe6 22. Nb6 Rb8 23. f4 Nd7 24. Bg4 Nf8 25. b5 Na7 26. Bxe6+ Kh8 27. Bf7 axb5
28. cxb5 Nc8 29. Bxe8 Qxe8 30. Nd5 Nd7 31. Nc7 Qf7 32. Qd5 Qxd5 33. exd5 Nc5
34. Ne6 Nxe6 35. dxe6 d5 36. Bc5 Nd6 37. Bxd6 exd6 38. a6 h5 39. Rd1 1-0

[Event "Liga CS Istok 2017"]
[Site "Zaječar, Hotel "]
[Date "2017.10.14"]
[Round "9.4"]
[White "Zarkovic, Milos**"]
[Black "Colic, Ninoslav"]
[Result "1/2-1/2"]
[WhiteElo "1803"]
[BlackElo "2100"]
[PlyCount "74"]
[EventDate "2017.09.03"]

1. d4 g6 2. c4 f5 3. Nc3 Nf6 4. Nf3 Bg7 5. e3 d6 6. Bd3 O-O 7. O-O Nc6 8. d5
Ne5 9. Nxe5 dxe5 10. e4 f4 11. c5 g5 12. Bc4 Kh8 13. Qe2 g4 14. g3 f3 15. Qe3
h6 16. Rd1 a6 17. a4 Qe8 18. b4 Qg6 19. Ra2 Bd7 20. Rad2 h5 21. Rd3 Kh7 22. Qg5
Qxg5 23. Bxg5 Kg6 24. Bxf6 Bxf6 25. d6 cxd6 26. cxd6 e6 27. a5 h4 28. h3 hxg3
29. fxg3 Bd8 30. hxg4 Rc8 31. Bb3 Kg5 32. Kf2 b6 33. Na4 Bxa4 34. Bxa4 bxa5 35.
bxa5 Bxa5 36. Rxf3 Bb6+ 37. Kg2 Rxf3 1/2-1/2

[Event "Liga CS Istok 2017"]
[Site "Zaječar, Hotel "]
[Date "2017.10.14"]
[Round "9.4"]
[White "Stojanovic, Sreten"]
[Black "Stevic, Dragan"]
[Result "1/2-1/2"]
[WhiteElo "2065"]
[BlackElo "1821"]
[PlyCount "92"]
[EventDate "2017.09.03"]

1. e4 e6 2. d4 d5 3. Nd2 c5 4. exd5 exd5 5. dxc5 Bxc5 6. Bb5+ Nc6 7. Nb3 Bxf2+
8. Kxf2 Qb6+ 9. Be3 Qxb5 10. a4 Qc4 11. Nf3 Nf6 12. Re1 O-O 13. Kg1 Bf5 14.
Nbd4 Nxd4 15. Nxd4 Be4 16. b3 Qc7 17. Rc1 Qd7 18. h3 a6 19. Bg5 Qd6 20. c4 Rac8
21. Qd2 h6 22. Bf4 Qd7 23. c5 Bh7 24. Qa5 Ne4 25. Qb6 Rfe8 26. c6 bxc6 27. Rxc6
Rxc6 28. Nxc6 g5 29. Be3 Re6 30. Rc1 Ng3 31. Qb8+ Kg7 32. Bd4+ f6 33. Qxg3 Rxc6
34. Rf1 Be4 35. Qf2 Qe6 36. b4 Bd3 37. Re1 Qd7 38. Bc5 Qf5 39. Re7+ Kg6 40. Qg3
Qf1+ 41. Kh2 Qf4 42. Qxf4 gxf4 43. a5 Kf5 44. Kg1 Re6 45. Rxe6 Kxe6 46. Bd4 Kf5
1/2-1/2

[Event "Liga CS Istok 2017"]
[Site "Zaječar, Hotel "]
[Date "2017.10.14"]
[Round "9.4"]
[White "Dragojevic, Leon*"]
[Black "Laban, Dragan"]
[Result "1-0"]
[WhiteElo "1897"]
[BlackElo "1608"]
[PlyCount "59"]
[EventDate "2017.09.03"]

1. e4 c5 2. d4 cxd4 3. c3 d3 4. Nf3 b6 5. Bxd3 e6 6. O-O Be7 7. Qe2 Qc7 8. Rd1
Nf6 9. e5 Nd5 10. a3 Bf8 11. c4 Ne7 12. Nc3 a6 13. Ng5 Bb7 14. Bxh7 Nf5 15.
Bxf5 exf5 16. Bf4 Qc6 17. Nd5 Be7 18. Qf3 Kf8 19. Rac1 f6 20. Nh3 Bd8 21. exf6
Bxf6 22. Qg3 Kf7 23. Ng5+ Bxg5 24. Bxg5 a5 25. Re1 Na6 26. Ne7 Qc5 27. Re5 g6
28. Rxc5 Nxc5 29. Qd6 Ne4 30. Qxg6+ 1-0

[Event "Liga CS Istok 2017"]
[Site "Zaječar, Hotel "]
[Date "2017.10.14"]
[Round "9.5"]
[White "Rasic, Jovan*"]
[Black "Dinic, Dragan"]
[Result "1-0"]
[WhiteElo "2111"]
[BlackElo "2267"]
[PlyCount "71"]
[EventDate "2017.09.03"]

1. e4 e5 2. Nf3 Nc6 3. Bc4 Bc5 4. b4 Bxb4 5. c3 Bd6 6. d4 Nf6 7. O-O O-O 8. Qe2
a6 9. a4 h6 10. Bb2 Re8 11. Nbd2 Bf8 12. Ba2 d5 13. Nxe5 Nxe5 14. dxe5 Rxe5 15.
Qd3 Be6 16. c4 Rh5 17. cxd5 Bd7 18. Qf3 Rg5 19. e5 Bg4 20. Qb3 Nd7 21. Ne4 Nc5
22. Nxc5 Bxc5 23. Rac1 b6 24. e6 Bd6 25. f4 Rh5 26. h3 Qh4 27. exf7+ Kh7 28.
Qc3 Bf8 29. Rce1 Bd7 30. Re3 Rf5 31. Rg3 Rf6 32. f5 Bd6 33. Rg4 Qh5 34. Rxg7+
Kxg7 35. Qxf6+ Kf8 36. Qg7+ 1-0

[Event "Liga CS Istok 2017"]
[Site "Zaječar, Hotel "]
[Date "2017.10.14"]
[Round "9.5"]
[White "Dodic, Dragan"]
[Black "Jovanovic, Milan D"]
[Result "1/2-1/2"]
[WhiteElo "2050"]
[BlackElo "2055"]
[PlyCount "24"]
[EventDate "2017.09.03"]

1. d4 Nf6 2. Nf3 g6 3. c4 Bg7 4. Nc3 O-O 5. e4 d6 6. h3 e5 7. d5 Nh5 8. g3 a5
9. Bd3 Nd7 10. Be3 Nc5 11. Bc2 Bd7 12. Qe2 Qc8 1/2-1/2

[Event "Liga CS Istok 2017"]
[Site "Zaječar, Hotel "]
[Date "2017.10.14"]
[Round "9.5"]
[White "Todorovic, Zoran D"]
[Black "Petrovic, Petar R*"]
[Result "1/2-1/2"]
[WhiteElo "2066"]
[BlackElo "1994"]
[PlyCount "161"]
[EventDate "2017.09.03"]

1. d4 d5 2. c4 e6 3. Nf3 Nf6 4. Nc3 Be7 5. Bg5 O-O 6. e3 Ne4 7. Bxe7 Qxe7 8.
cxd5 Nxc3 9. bxc3 exd5 10. Qb3 c6 11. Bd3 Nd7 12. O-O Nf6 13. h3 Be6 14. Rab1
Rab8 15. Qa4 b5 16. Qc2 Qd6 17. a4 Bd7 18. Ne5 Rfe8 19. axb5 cxb5 20. Ra1 Rb7
21. Ra5 Rc8 22. Qa2 Rxc3 23. Rxa7 Rxa7 24. Qxa7 b4 25. Rb1 Ra3 26. Qb7 b3 27.
Rxb3 Rxb3 28. Qxb3 Bc8 29. Qa4 g6 30. Qa8 Qe6 31. Bb5 Kg7 32. Bc6 h5 33. Nd3
Qf5 34. Qa3 Ne4 35. Qe7 Be6 36. Qh4 Nf6 37. Nc5 Qb1+ 38. Kh2 Qb6 39. Ba4 Bf5
40. Qf4 Qb2 41. f3 Qf2 42. Qe5 h4 43. Bd7 Bd3 44. Bc6 Qc2 45. Nxd3 Qxc6 46. Nc5
Kg8 47. Qb8+ Kg7 48. Qf4 Nh5 49. Qxh4 Qc7+ 50. f4 Qb8 51. Qf2 Qd6 52. Qf3 Nf6
53. h4 Qd8 54. f5 Qh8 55. Qg3 Qh5 56. Qg5 Ng4+ 57. Kg3 Qxg5 58. hxg5 Nxe3 59.
f6+ Kg8 60. Kf4 Nxg2+ 61. Ke5 Ne3 62. Kd6 Kf8 63. Nd3 Ke8 64. Nf4 Nf5+ 65. Kxd5
Kd7 66. Nd3 Ne3+ 67. Kc5 Ke6 68. Nf4+ Kf5 69. d5 Ng4 70. Nd3 Kxg5 71. d6 Nxf6
72. Kd4 Kf5 73. Nc5 g5 74. d7 Nxd7 75. Nxd7 Kf4 76. Nf6 g4 77. Nh5+ Kg5 78. Ng3
Kh4 79. Nf5+ Kg5 80. Ke5 f6+ 81. Ke4 1/2-1/2

[Event "Liga CS Istok 2017"]
[Site "Zaječar, Hotel "]
[Date "2017.10.14"]
[Round "9.5"]
[White "Radojkovic, Stefan**"]
[Black "Mitic, Dragan"]
[Result "0-1"]
[WhiteElo "2014"]
[BlackElo "2122"]
[PlyCount "146"]
[EventDate "2017.09.03"]

1. e4 c5 2. Nf3 Nc6 3. Bb5 Nd4 4. Nxd4 cxd4 5. O-O a6 6. Ba4 e6 7. c3 Bc5 8. d3
b5 9. Bb3 Bb7 10. Nd2 Ne7 11. cxd4 Bxd4 12. Nf3 Bb6 13. a4 h6 14. Qe2 O-O 15.
d4 f5 16. e5 Bc6 17. Bd2 bxa4 18. Bxa4 Bxf3 19. Qxf3 Bxd4 20. Bc3 Bxc3 21. Qxc3
Nd5 22. Qc5 Qb6 23. Rfc1 Rf7 24. Bb5 Rb8 25. Qxb6 Rxb6 26. Rc8+ Kh7 27. Bc4 Nb4
28. h4 g5 29. hxg5 hxg5 30. Ra3 f4 31. Rb3 Kg6 32. Bd3+ Kg7 33. Be4 g4 34. g3
Rb5 35. Rc4 a5 36. Bg2 Rxe5 37. gxf4 Re1+ 38. Kh2 d5 39. Rd4 Kf6 40. Kg3 Kf5
41. Re3 Rg1 42. Re5+ Kf6 43. Rh5 Nc2 44. Ra4 Ne1 45. Rh2 Rh7 46. Ra1 Rh3+ 47.
Rxh3 Rxg2+ 48. Kh4 Nf3+ 49. Rxf3 gxf3 50. Rxa5 Kf5 51. Ra4 Rxf2 52. Kg3 Rxb2
53. Kxf3 Rb3+ 54. Kf2 Rc3 55. Ra6 Rc4 56. Ke3 Re4+ 57. Kd3 Rxf4 58. Rd6 Ke5 59.
Rd8 Rf3+ 60. Ke2 Ra3 61. Re8 d4 62. Kd2 Kd5 63. Rd8+ Ke4 64. Rh8 Ra2+ 65. Kd1
e5 66. Rh3 d3 67. Rh4+ Ke3 68. Rh3+ Kd4 69. Rh4+ e4 70. Rh8 e3 71. Rd8+ Ke4 72.
Re8+ Kf4 73. Rf8+ Kg5 0-1

[Event "Liga CS Istok 2017"]
[Site "Zaječar, Hotel "]
[Date "2017.10.14"]
[Round "9.5"]
[White "Miljkovic, Milan A"]
[Black "Velikic, Vule"]
[Result "1/2-1/2"]
[WhiteElo "1899"]
[BlackElo "1804"]
[PlyCount "49"]
[EventDate "2017.09.03"]

1. e4 c6 2. d4 d5 3. Nc3 dxe4 4. Nxe4 Nd7 5. Nf3 Ngf6 6. Nxf6+ Nxf6 7. h3 g6 8.
Bd3 Bg7 9. O-O O-O 10. c3 Qc7 11. Bg5 Be6 12. Qd2 Rad8 13. Bh6 c5 14. Bxg7 Kxg7
15. Qe2 a6 16. Rfe1 Rfe8 17. a3 c4 18. Bc2 Bd5 19. Ne5 Rd6 20. f3 Re6 21. Qd2
Rb6 22. Rab1 Rd6 23. Be4 Nd7 24. Nxd7 Rxd7 25. Bxd5 1/2-1/2

[Event "Liga CS Istok 2017"]
[Site "Zaječar, Hotel "]
[Date "2017.10.14"]
[Round "9.5"]
[White "Milutinovic, Bojan"]
[Black "Minic, Marko"]
[Result "1/2-1/2"]
[WhiteElo "1798"]
[BlackElo "1936"]
[PlyCount "53"]
[EventDate "2017.09.03"]

1. e4 c5 2. Nf3 d6 3. d4 cxd4 4. Nxd4 Nf6 5. Nc3 a6 6. Bg5 e6 7. f4 Be7 8. Qf3
Qc7 9. O-O-O O-O 10. g4 Nc6 11. Nxc6 bxc6 12. Bxf6 Bxf6 13. g5 Be7 14. h4 Rd8
15. f5 Rb8 16. f6 Bf8 17. h5 d5 18. exd5 exd5 19. g6 fxg6 20. hxg6 h6 21. f7+
Kh8 22. Bd3 Qe7 23. Qg3 Bd7 24. Rdg1 Qf6 25. Rf1 Qe7 26. Rfg1 Qf6 27. Rf1
1/2-1/2

[Event "Liga CS Istok 2017"]
[Site "Zaječar, Hotel "]
[Date "2017.10.14"]
[Round "9.5"]
[White "Miljkovic, Slobodan*"]
[Black "Jankovic, Milan**"]
[Result "0-1"]
[WhiteElo "1842"]
[BlackElo "1683"]
[PlyCount "86"]
[EventDate "2017.09.03"]

1. e4 d5 2. exd5 Qxd5 3. Nc3 Qd6 4. d4 Nf6 5. Nf3 a6 6. h3 e6 7. Bg5 Nbd7 8.
Bc4 b5 9. Bb3 Bb7 10. Qe2 Be7 11. Rd1 O-O 12. O-O Rfe8 13. Rfe1 h6 14. Bh4 Qb6
15. Ne5 c5 16. Nxf7 c4 17. Bxc4 bxc4 18. Ne5 Nxe5 19. dxe5 Qc6 20. f4 Nd5 21.
Nxd5 Bxh4 22. Nf6+ gxf6 23. Qg4+ Bg5 24. Rd6 Qxg2+ 25. Qxg2 Bxg2 26. fxg5 Bxh3
27. gxf6 Bf5 28. Re2 Red8 29. Rg2+ Kf8 30. Rc6 Be4 31. Rxe6 Bxg2 32. Kxg2 Rd2+
33. Kf3 Rxc2 34. Re7 Rc8 35. e6 Rxb2 36. Rh7 Kg8 37. Rd7 Rb6 38. Rg7+ Kh8 39.
Re7 c3 40. f7 Rf8 41. Re8 Kg7 42. Ke3 Rb8 43. Re7 Kf6 0-1